| 000 | 00443nam a2200133 i 4500 | ||
|---|---|---|---|
| 001 | 38487 | ||
| 003 | ES-MaACL | ||
| 007 | t| | ||
| 008 | 030225s1889 sp ||||1| spa d | ||
| 100 | 1 |
_aCalderón y Martínez, Amós. _933633 |
|
| 245 | 1 | 0 |
_aMemoria clínico-terapeútica del establecimiento balneario de Cestona correspondiente al año 1889 / _cAmós Calderón y Martínez. |
| 260 |
_aMadrid : _b[s.n., _c1889] |
||
| 852 |
_aES-MaACL _jT-524-F-12 |
||
| 999 |
_c38487 _d38487 |
||